000 00608nam a2200193 a 4500
001 000025238
005 20200930023642.0
008 110211s1966 sp r 000 0 spa d
040 _aDO-SdBNP
_bspa
_cBNPHU
082 _axxxx
_bS541p
100 1 _aSheen, Fulton J.
_951717
245 1 0 _aPaz interior /
_cFulton J. Sheen ; traducción Juan G. de Luaces.
250 _a5a ed.
260 _aBarcelona, España :
_bPlaneta,
_c1966.
300 _a223 p. ;
_c20.5 cm.
534 _aTítulo original:
_tWay to inner peace,
_cBarcelona : Planeta, 1955
700 1 _aLuaces, Juan G. de,
_etr.
_912849
049 _aBNGR
999 _c24731
_d24731